Los Estudios sobre la memoria y los usos del pasado: perspectivas teóricas y metodológicas /

Uloženo v:
Podrobná bibliografie
Hlavní autor: Menjívar Ochoa, Mauricio
Médium: Text
Témata:
Tagy: Přidat tag
Žádné tagy, Buďte první, kdo vytvoří štítek k tomuto záznamu!

MARC

LEADER 00000 a a2200000 04500
001 4213
003
040
100 |a Menjívar Ochoa, Mauricio  
245 |a Los Estudios sobre la memoria y los usos del pasado:   |b perspectivas teóricas y metodológicas /  |c Mauricio Menjívar Ochoa 
650 |a HISTORIA  
650 |a HISTORIOGRAFIA  
650 |a TEORIA  
650 |a INVESTIGACION SOCIAL  
650 |a ANALISIS HISTORICO  
650 |a METODOLOGIA  
773 |g número 135; páginas 9-28  
999 |c 25667  |d 25667 
773 0 |0 19554  |9 2688  |a FLACSO, Costa Rica  |d San José, Costa Rica: FLACSO,  |o 16117  |t Cuaderno de Ciencias Sociales /  |x 14093677